On the edge : stories at the brink

Bibliographic Details
Other Authors: Ducan, Lois
Format: Book
Published: New York : Simon & Schuster,Inc. , 2000
Subjects:

MARC

LEADER 00000cam a2200000 7i4500
001 0000050345
005 20020124.0
020 |a 0689822510 
090 0 0 |a JF   |b ONT 
245 0 0 |a On the edge :   |b stories at the brink   |c edited by Lois Duncan 
260 |a New York :   |b Simon & Schuster,Inc. ,   |c 2000 
300 |a 211p. ;   |c 22cm. 
650 0 0 |a Children's stories 
700 1 |a Ducan, Lois 
999 |a 114725   |b BUKU   |c PINJAMAN   |e PERPUSTAKAAN KOMUNITI PETALING JAYA 
999 |a 114726   |b BUKU   |c PINJAMAN   |e PERPUSTAKAAN KOMUNITI PETALING JAYA